00897 am a2200253 a 450000500170000000800410001702000150005804100080007310000230008124500630010425000110016726000590017830000110023750001280024865300290037665300280040565300550043365300270048870000450051570000210056070000210058170000220060270000190062420240522090619.0100329s1996||||ag d f |||| 001 0 spa d a9879517342 aspa1 aCámera, Mario I. aAsistencia respiratoria mecánica / cMario I. Cámera. a1a ed. aBuenos Aires: bSociedad Argentina de Medicina;c1996. a341 p. aCámera, M. I. et al. (1996). Asistencia respiratoria mecánica. (1a ed.). Buenos Aires : Sociedad Argentina de Medicina. aVentilación mecánica aAsistencia respiratoria aSindrome de distress respiratorio agudo del adulto aTraumatismo de tórax1 aGonzález Bernaldo de Quiroz, Fernán.1 aAlonzo, Claudia.1 aBenito, Salvador1 aGallesio, Antonio1 aCámera, Luis